| 000 -LEADER |
| fixed length control field |
00526nam a22001577a 4500 |
| 005 - DATE AND TIME OF LATEST TRANSACTION |
| control field |
20230928103757.0 |
| 008 - FIXED-LENGTH DATA ELEMENTS--GENERAL INFORMATION |
| fixed length control field |
230928s1984 enk||||| |||| 00| 0 eng d |
| 041 ## - LANGUAGE CODE |
| Language code of text/sound track or separate title |
eng |
| 080 ## - UNIVERSAL DECIMAL CLASSIFICATION NUMBER |
| Universal Decimal Classification number |
069 Th-44 |
| 100 ## - MAIN ENTRY--PERSONAL NAME |
| Personal name |
Themelis, Petros G. |
| 9 (RLIN) |
19939 |
| 245 ## - TITLE STATEMENT |
| Title |
Delphi: |
| Remainder of title |
The Archaeological Site and the Museum / |
| Statement of responsibility, etc. |
Petros G. Themelis. |
| 264 ## - PRODUCTION, PUBLICATION, DISTRIBUTION, MANUFACTURE, AND COPYRIGHT NOTICE |
| Place of production, publication, distribution, manufacture |
Athen, |
| Date of production, publication, distribution, manufacture, or copyright notice |
1984. |
| 300 ## - PHYSICAL DESCRIPTION |
| Extent |
100 p.: |
| Other physical details |
ill.; |
| Dimensions |
32 cm. |
| 653 ## - INDEX TERM--UNCONTROLLED |
| keyword |
დელფი: არქეოლოგიური ადგილი და მუზეუმი |
| 942 ## - ADDED ENTRY ELEMENTS (KOHA) |
| Source of classification or shelving scheme |
|
| Koha item type |
წიგნი |